Ecce homo : Come si diventa ciò che si è

Enregistré dans:
Détails bibliographiques
Auteur principal: Nietzsche, Friedrich
Format: Livre
Langue:langue indéterminée
Publié: Adelphi
Tags: Ajouter un tag
Pas de tags, Soyez le premier à ajouter un tag!

MARC

LEADER 00000nam a2200000Ia 4500
001 R-1472
003 CODICE-MESSINA
005 20260212113103.0
008 260211s9999 xx 000 0 und d
040 |c importazione_messina 
100 |a Nietzsche, Friedrich 
245 0 |a Ecce homo :  |b Come si diventa ciò che si è 
260 |b Adelphi 
942 |2 ddc  |c BK 
952 |0 0  |1 0  |2 ddc  |4 0  |6 SCAFFALE_14_000000000000000__LETTERATURA  |7 0  |9 32309  |a ME  |b ME  |d 2026-02-11  |l 0  |o SCAFFALE 14 - LETTERATURA  |p R-1472  |r 2026-02-11 23:53:06  |w 2026-02-11  |x [REVISIONARE]  |y BK 
999 |c 27976  |d 27976